00977nam a2200277Ia 450000500170000000800410001702000150005804000760007304100080014906000140015710000320017124501370020325000130034026000390035330000180039265000330041065000320044365000210047565000170049665000450051365000250055865000320058370000260061570000200064176500380066120240704072119.0130821s2002 sp gr spa  a8425412056 aCo-BoUCMbspacSandra Palacio (modificó)dSandra Palacio (modificó)00aspa aWM 307.C61 aWatzlawick, Pauld1921-200710aTeoría de la comunicación humana interacciones, patologías y paradojascPaul Watzlawick, Janet Beavin Bavelas, Don D. Jackson a12a. ed. aBarcelona (España)bHerderc2002 a262 páginas04aComunicación interpersonal04aComunicación patológica04aPsicopatología04aSociología04aComunicación xAspectos psicológicos04aInteracción humana04aComunicación paradójica1 aBeavin Bavelas, Janet1 aJackson, Don D. aPragmatics of human communication